000 00463nmm a2200157Ia 4500
008 251105s9999||||xx |||||||||||||||||und||
041 _aspa
100 _aGarbera, Katherine
245 0 _aUn amor de escándalo
264 _a[Madrid, España] :
_bHarlequin,
_c[Fecha de publicación no identificada]
300 _a0 páginas
490 _a'Herederos ilegitimos'
650 _aRomance
856 _uhttps://public.digitaliapublishing.com/a/96007
942 _cCF
999 _c99479
_d99479